[Event "DSJ Weihnachtsturnier U16: Steinitz 2020"]
[Site ""]
[Date "2020.12.28"]
[Round "3"]
[White "Miller, Jonathan"]
[Black "Ehrig, Leon Chris"]
[Result "0-1"]
[Termination "normal"]
[Board "5.2"]
[WhiteElo "1507"]
[BlackElo "1685"]
[WhiteTeam "SK Johanneum Eppendorf"]
[BlackTeam "USG Chemnitz"]
[PlyCount "92"]
[WhiteFideId "34631585"]
[BlackFideId "16244796"]
[EventRounds "7"]
[EventType "team-swiss"]
[EventDate "2020.12.28"]

1. e4 {[%emt 0:00:03]} Nf6 {[%emt 0:00:05]} 2. e5 {[%emt 0:00:03]} Nd5 { [%emt
0:00:02]} 3. d4 {[%emt 0:00:07]} d6 {[%emt 0:00:02]} 4. Nf3 {[%emt 0:01:20]}
Bg4 {[%emt 0:01:02]} 5. Bc4 {[%emt 0:00:27]} Nb6 {[%emt 0:00:03]} 6. Bxf7+
{[%emt 0:00:16]} Kxf7 {[%emt 0:00:24]} 7. Ng5+ {[%emt 0:00:03]} Kg8 {[%emt
0:01:32]} 8. Qxg4 {[%emt 0:00:05]} Qc8 {[%emt 0:00:02]} 9. Qf4 {[%emt 0:00:21]}
Qe8 {[%emt 0:00:04]} 10. e6 {[%emt 0:01:05]} g6 {[%emt 0:00:05]} 11. Nf7 {
[%emt 0:00:20]} Nc6 {[%emt 0:00:45]} 12. Nxh8 {[%emt 0:00:16]} Kxh8 {[%emt
0:00:05]} 13. O-O {[%emt 0:00:28]} Bg7 {[%emt 0:00:09]} 14. c3 {[%emt 0:00:10]}
Qg8 {[%emt 0:00:08]} 15. Re1 {[%emt 0:00:12]} Rf8 {[%emt 0:00:11]} 16. Qh4 {
[%emt 0:00:05]} Rf6 {[%emt 0:00:05]} 17. Bh6 {[%emt 0:00:58]} Rxe6 {[%emt
0:00:07]} 18. Bxg7+ {[%emt 0:00:07]} Kxg7 {[%emt 0:00:05]} 19. Rxe6 {[%emt
0:00:13]} Qxe6 {[%emt 0:00:06]} 20. Nd2 {[%emt 0:00:01]} Qe2 {[%emt 0:00:05]}
21. Nf3 { [%emt 0:00:21]} Qxb2 {[%emt 0:00:04]} 22. Rd1 {[%emt 0:00:44]} Qxa2
{[%emt 0:00:12]} 23. Ng5 {[%emt 0:00:05]} h6 {[%emt 0:00:08]} 24. Ne6+ {[%emt
0:00:03]} Qxe6 {[%emt 0:00:04]} 25. d5 {[%emt 0:00:06]} Qe2 {[%emt 0:00:21]}
26. Rf1 { [%emt 0:00:17]} Nxd5 {[%emt 0:00:05]} 27. f3 {[%emt 0:00:17]} Ne3
{[%emt 0:00:16]} 28. Qf2 {[%emt 0:00:27]} Qxf1+ {[%emt 0:00:06]} 29. Qxf1
{[%emt 0:00:02]} Nxf1 {[%emt 0:00:00]} 30. Kxf1 {[%emt 0:00:00]} a5 {[%emt
0:00:02]} 31. Ke2 { [%emt 0:00:01]} a4 {[%emt 0:00:02]} 32. Kd2 {[%emt
0:00:00]} b5 {[%emt 0:00:02] } 33. Kc2 {[%emt 0:00:01]} Na5 {[%emt 0:00:01]}
34. Kb2 {[%emt 0:00:02]} c5 { [%emt 0:00:01]} 35. g3 {[%emt 0:00:04]} b4 {[%emt
0:00:02]} 36. cxb4 {[%emt 0:00:05]} cxb4 {[%emt 0:00:00]} 37. f4 {[%emt
0:00:01]} a3+ {[%emt 0:00:01]} 38. Ka2 {[%emt 0:00:02]} d5 {[%emt 0:00:00]} 39.
g4 {[%emt 0:00:05]} d4 {[%emt 0:00:00]} 40. h4 {[%emt 0:00:00]} d3 {[%emt
0:00:01]} 41. f5 {[%emt 0:00:02]} d2 {[%emt 0:00:02]} 42. f6+ {[%emt 0:00:00]}
exf6 {[%emt 0:00:03]} 43. g5 { [%emt 0:00:02]} d1=Q {[%emt 0:00:06]} 44. gxh6+
{[%emt 0:00:00]} Kxh6 {[%emt 0:00:06]} 45. h5 {[%emt 0:00:01]} Qb3+ {[%emt
0:00:01]} 46. Ka1 {[%emt 0:00:01]} Qb2# {[%emt 0:00:00]} 0-1

[Event "DSJ Weihnachtsturnier U16: Steinitz 2020"]
[Site ""]
[Date "2020.12.28"]
[Round "3"]
[White "Lorenz, Jakob"]
[Black "Laucht, Philipp"]
[Result "0-1"]
[Termination "normal"]
[Board "5.3"]
[WhiteElo "1575"]
[BlackElo "1481"]
[WhiteTeam "USG Chemnitz"]
[BlackTeam "SK Johanneum Eppendorf"]
[PlyCount "76"]
[WhiteFideId "16259475"]
[BlackFideId "16244869"]
[EventRounds "7"]
[EventType "team-swiss"]
[EventDate "2020.12.28"]

1. e4 {[%emt 0:00:06]} c5 {[%emt 0:00:02]} 2. Nf3 {[%emt 0:00:03]} d6 {[%emt
0:00:01]} 3. Bb5+ {[%emt 0:00:07]} Bd7 {[%emt 0:00:04]} 4. Bxd7+ {[%emt
0:00:02]} Qxd7 {[%emt 0:00:01]} 5. d4 {[%emt 0:00:18]} cxd4 {[%emt 0:00:03]} 6.
Nxd4 { [%emt 0:00:04]} Nf6 {[%emt 0:00:02]} 7. Nc3 {[%emt 0:00:04]} Nc6 {[%emt
0:00:05]} 8. Be3 {[%emt 0:00:32]} e6 {[%emt 0:00:23]} 9. Qe2 {[%emt 0:00:24]}
d5 { [%emt 0:00:14]} 10. O-O-O {[%emt 0:00:44]} Nxe4 {[%emt 0:00:18]} 11. Nxe4
{ [%emt 0:00:06]} dxe4 {[%emt 0:00:05]} 12. Nb5 {[%emt 0:00:16]} Qc8 {[%emt
0:00:43]} 13. Bf4 {[%emt 0:00:08]} e5 {[%emt 0:00:08]} 14. Qxe4 {[%emt
0:00:12]} f6 {[%emt 0:01:09] SKJE2-003 offers a draw} 15. Bxe5 {[%emt 0:01:07]}
fxe5 { [%emt 0:00:14]} 16. f4 {[%emt 0:00:12]} a6 {[%emt 0:00:04]} 17. Nd6+
{[%emt 0:01:27]} Bxd6 {[%emt 0:00:04]} 18. Rxd6 {[%emt 0:00:04]} O-O {[%emt
0:00:11]} 19. fxe5 {[%emt 0:00:06]} Re8 {[%emt 0:00:20]} 20. e6 {[%emt
0:00:09]} Qc7 { [%emt 0:00:16]} 21. Rd7 {[%emt 0:00:14]} Qb6 {[%emt 0:00:11]}
22. Qg4 {[%emt 0:00:23]} Re7 {[%emt 0:00:06]} 23. Rhd1 {[%emt 0:00:49]} Qe3+
{[%emt 0:00:19]} 24. Kb1 {[%emt 0:00:12]} Qxe6 {[%emt 0:00:08]} 25. Qxe6+
{[%emt 0:00:21]} Rxe6 {[%emt 0:00:07]} 26. Rxb7 {[%emt 0:00:02]} Re2 {[%emt
0:00:10]} 27. Rc7 { [%emt 0:00:18]} Nd4 {[%emt 0:00:42]} 28. c3 {[%emt
0:00:23]} Nc2 {[%emt 0:00:19]} 29. g3 {[%emt 0:00:33]} Ne3 {[%emt 0:00:22]} 30.
Rh1 {[%emt 0:00:16]} Rd8 {[%emt 0:00:27]} 31. Re7 {[%emt 0:00:30]} Rdd2 {[%emt
0:00:35]} 32. Rb7 { [%emt 0:00:25]} Nc4 {[%emt 0:00:08]} 33. Rb8+ {[%emt
0:00:06]} Kf7 {[%emt 0:00:09]} 34. Rf1+ {[%emt 0:00:04]} Kg6 {[%emt 0:00:09]}
35. Ra8 {[%emt 0:00:14]} Rxb2+ {[%emt 0:00:05]} 36. Ka1 {[%emt 0:00:02]} Rxa2+
{[%emt 0:00:02]} 37. Kb1 {[%emt 0:00:01]} Reb2+ {[%emt 0:00:01]} 38. Kc1 {[%emt
0:00:01]} Ra1# {[%emt 0:00:08]} 0-1

[Event "DSJ Weihnachtsturnier U16: Steinitz 2020"]
[Site ""]
[Date "2020.12.28"]
[Round "3"]
[White "Hense, Toralf"]
[Black "Dickel, Karl-Joachim"]
[Result "1-0"]
[Termination "normal"]
[Board "5.4"]
[WhiteElo "1470"]
[BlackElo "1244"]
[WhiteTeam "SK Johanneum Eppendorf"]
[BlackTeam "USG Chemnitz"]
[PlyCount "35"]
[BlackFideId "34630120"]
[EventRounds "7"]
[EventType "team-swiss"]
[EventDate "2020.12.28"]

1. e4 {[%emt 0:00:03] Chemni1-004 kibitzing!?} c5 {[%emt 0:02:00]} 2. Nf3 {
[%emt 0:00:07]} d6 {[%emt 0:00:01]} 3. d4 {[%emt 0:00:02]} cxd4 {[%emt 0:00:01]
} 4. Nxd4 {[%emt 0:00:01]} a6 {[%emt 0:00:03]} 5. Nc3 {[%emt 0:00:02]} Nf6 {
[%emt 0:00:05]} 6. Be3 {[%emt 0:00:07]} g6 {[%emt 0:00:02]} 7. f3 {[%emt
0:00:02]} Bg7 {[%emt 0:00:02]} 8. Qd2 {[%emt 0:00:02]} O-O {[%emt 0:00:03]} 9.
O-O-O {[%emt 0:00:01]} Nc6 {[%emt 0:00:03]} 10. Nxc6 {[%emt 0:00:10]} bxc6
{[%emt 0:00:02]} 11. Bh6 {[%emt 0:00:06]} Be6 {[%emt 0:00:09]} 12. Bxg7 {[%emt
0:00:03]} Kxg7 {[%emt 0:00:02]} 13. g4 {[%emt 0:00:02]} Qd7 {[%emt 0:00:09]}
14. h4 { [%emt 0:00:08]} Rfd8 {[%emt 0:00:18]} 15. h5 {[%emt 0:00:18]} d5
{[%emt 0:00:04]} 16. hxg6 {[%emt 0:00:49]} hxg6 {[%emt 0:00:02]} 17. Qh6+
{[%emt 0:00:08]} Kg8 {[%emt 0:00:12]} 18. Qh8# {[%emt 0:00:02]} 1-0

[Event "DSJ Weihnachtsturnier U16: Steinitz 2020"]
[Site ""]
[Date "2020.12.28"]
[Round "3"]
[White "Wunsch, Louis"]
[Black "Tovmasyan, Minas"]
[Result "0-1"]
[Termination "time forfeit"]
[Board "6.1"]
[WhiteElo "1649"]
[BlackElo "1771"]
[WhiteTeam "SG Rochade Kuppenheim 1979"]
[BlackTeam "TuS Makkabi Rostock"]
[PlyCount "56"]
[WhiteFideId "34635777"]
[BlackFideId "16247620"]
[EventRounds "7"]
[EventType "team-swiss"]
[EventDate "2020.12.28"]

1. c4 {[%emt 0:00:13]} e5 {[%emt 0:00:02]} 2. g3 {[%emt 0:00:06]} Nc6 {[%emt
0:00:01]} 3. Bg2 {[%emt 0:00:02]} g6 {[%emt 0:00:01]} 4. Nc3 {[%emt 0:00:26]}
Bg7 {[%emt 0:00:03]} 5. e4 {[%emt 0:00:13]} Nge7 {[%emt 0:00:55]} 6. Nge2
{[%emt 0:00:03]} d6 {[%emt 0:00:01]} 7. O-O {[%emt 0:00:07]} O-O {[%emt
0:00:02]} 8. f4 {[%emt 0:00:15]} f5 {[%emt 0:00:19]} 9. d3 {[%emt 0:01:53]} Be6
{[%emt 0:01:17] } 10. a3 {[%emt 0:00:40]} a5 {[%emt 0:00:02]} 11. Nd5 {[%emt
0:00:48]} Bxd5 { [%emt 0:01:58]} 12. cxd5 {[%emt 0:00:15]} Nd4 {[%emt 0:00:01]}
13. Nxd4 { [%emt 0:00:24]} exd4 {[%emt 0:00:00]} 14. Qb3 {[%emt 0:00:39]} b6
{[%emt 0:01:27]} 15. e5 {[%emt 0:00:50]} Rc8 {[%emt 0:00:50]} 16. Re1 {[%emt
0:00:24]} Kh8 {[%emt 0:00:49]} 17. Bd2 {[%emt 0:00:38]} c5 {[%emt 0:02:05]} 18.
Re2 {[%emt 0:00:35]} a4 {[%emt 0:00:10]} 19. Qa2 {[%emt 0:00:37]} b5 {[%emt
0:00:01]} 20. Rae1 {[%emt 0:00:21]} Re8 {[%emt 0:00:01]} 21. e6 {[%emt
0:00:41]} c4 {[%emt 0:00:26]} 22. Bb4 {[%emt 0:00:28]} Qb6 {[%emt 0:00:03]} 23.
Rd2 {[%emt 0:00:03]} c3 {[%emt 0:00:03]} 24. bxc3 {[%emt 0:00:01]} dxc3+ {[%emt
0:00:00]} 25. Rf2 { [%emt 0:00:02]} Bd4 {[%emt 0:00:04]} 26. Ref1 {[%emt
0:00:03]} c2 {[%emt 0:00:03]} 27. Kh1 {[%emt 0:00:06]} Bxf2 {[%emt 0:00:03]}
28. Rxf2 {[%emt 0:00:03]} c1=Q+ {[%emt 0:00:01] TimeW} 0-1

[Event "DSJ Weihnachtsturnier U16: Steinitz 2020"]
[Site ""]
[Date "2020.12.28"]
[Round "3"]
[White "Röste, Hugo"]
[Black "Gottwald, Patrick"]
[Result "1/2-1/2"]
[Termination "normal"]
[Board "6.2"]
[WhiteElo "1597"]
[BlackElo "1526"]
[WhiteTeam "TuS Makkabi Rostock"]
[BlackTeam "SG Rochade Kuppenheim 1979"]
[PlyCount "75"]
[WhiteFideId "16247604"]
[BlackFideId "34645969"]
[EventRounds "7"]
[EventType "team-swiss"]
[EventDate "2020.12.28"]

1. d4 {[%emt 0:00:08]} Nf6 {[%emt 0:00:16]} 2. c4 {[%emt 0:00:03]} g6 {[%emt
0:00:08]} 3. Nc3 {[%emt 0:00:03]} Bg7 {[%emt 0:00:04]} 4. Nf3 {[%emt 0:00:07]}
d6 {[%emt 0:00:02]} 5. Bg5 {[%emt 0:00:05]} O-O {[%emt 0:00:02]} 6. e3 {[%emt
0:00:08]} Nbd7 {[%emt 0:00:13]} 7. Bd3 {[%emt 0:00:11]} e5 {[%emt 0:00:12]} 8.
d5 {[%emt 0:00:24]} Nc5 {[%emt 0:00:34]} 9. e4 {[%emt 0:00:16]} Bd7 {[%emt
0:00:46]} 10. O-O {[%emt 0:00:10]} c6 {[%emt 0:00:37]} 11. Re1 {[%emt 0:00:28]}
Qc7 {[%emt 0:00:27]} 12. h3 {[%emt 0:01:08]} Nh5 {[%emt 0:00:52]} 13. Bc2
{[%emt 0:01:26]} h6 {[%emt 0:00:41]} 14. Be3 {[%emt 0:00:53]} Rad8 {[%emt
0:00:52]} 15. a3 {[%emt 0:01:12]} a5 {[%emt 0:00:23]} 16. Rb1 {[%emt 0:00:14]}
Nf6 {[%emt 0:00:59]} 17. b4 {[%emt 0:00:14]} axb4 {[%emt 0:00:00]} 18. axb4
{[%emt 0:00:05]} Na6 {[%emt 0:00:13]} 19. dxc6 {[%emt 0:01:24]} bxc6 {[%emt
0:00:27]} 20. Qd2 { [%emt 0:00:25]} Rb8 {[%emt 0:00:17]} 21. c5 {[%emt
0:00:34]} Nxb4 {[%emt 0:01:17]} 22. cxd6 {[%emt 0:00:11]} Qa5 {[%emt 0:00:20]}
23. Ra1 {[%emt 0:00:13]} Qd8 {[%emt 0:00:14]} 24. Nxe5 {[%emt 0:00:14]} Nxe4
{[%emt 0:00:22]} 25. Nxe4 { [%emt 0:00:05]} Bxe5 {[%emt 0:00:02]} 26. Rab1
{[%emt 0:00:05]} Nxc2 {[%emt 0:00:02]} 27. Qxc2 {[%emt 0:00:05]} Rxb1 {[%emt
0:00:02]} 28. Rxb1 {[%emt 0:00:03]} Bf5 {[%emt 0:00:01]} 29. g4 {[%emt
0:00:04]} Bxe4 {[%emt 0:00:05]} 30. Qxe4 {[%emt 0:00:02]} Qxd6 {[%emt 0:00:00]}
31. Rc1 {[%emt 0:00:03]} Rc8 { [%emt 0:00:03]} 32. Bc5 {[%emt 0:00:04]} Qd5
{[%emt 0:00:05]} 33. Qc2 {[%emt 0:00:08]} Rd8 {[%emt 0:00:07]} 34. Be3 {[%emt
0:00:04]} Rc8 {[%emt 0:00:07]} 35. Rd1 {[%emt 0:00:04]} Qe6 {[%emt 0:00:04]}
36. Rc1 {[%emt 0:00:01]} Bd6 { [%emt 0:00:02] Rostock2-002 offers a draw} 37.
Qc4 {[%emt 0:00:02]} Qxc4 { [%emt 0:00:06]} 38. Rxc4 {[%emt 0:00:00]} 1/2-1/2

[Event "DSJ Weihnachtsturnier U16: Steinitz 2020"]
[Site ""]
[Date "2020.12.28"]
[Round "3"]
[White "Wieser, Rouven"]
[Black "Wellßow, Keoki"]
[Result "1-0"]
[Termination "normal"]
[Board "6.3"]
[WhiteElo "1238"]
[BlackElo "1510"]
[WhiteTeam "SG Rochade Kuppenheim 1979"]
[BlackTeam "TuS Makkabi Rostock"]
[PlyCount "55"]
[WhiteFideId "34608761"]
[BlackFideId "16251075"]
[EventRounds "7"]
[EventType "team-swiss"]
[EventDate "2020.12.28"]

1. e4 {[%emt 0:00:07]} g6 {[%emt 0:00:11]} 2. d4 {[%emt 0:00:03]} Bg7 {[%emt
0:00:03]} 3. Nc3 {[%emt 0:00:05]} d6 {[%emt 0:00:04]} 4. Nf3 {[%emt 0:00:04]}
Bg4 {[%emt 0:00:10]} 5. Be2 {[%emt 0:00:02]} Nd7 {[%emt 0:00:05]} 6. Bf4 {[%emt
0:00:04]} e5 {[%emt 0:00:09]} 7. dxe5 {[%emt 0:00:03]} dxe5 {[%emt 0:00:03]} 8.
Bg5 {[%emt 0:00:06]} f6 {[%emt 0:00:02]} 9. Bh4 {[%emt 0:00:02]} Ne7 {[%emt
0:00:08]} 10. Nd5 {[%emt 0:00:09]} g5 {[%emt 0:00:28]} 11. Bg3 {[%emt 0:00:05]}
Nxd5 {[%emt 0:00:05]} 12. Qxd5 {[%emt 0:00:03]} c6 {[%emt 0:00:02]} 13. Qb3 {
[%emt 0:00:03]} Qb6 {[%emt 0:00:07]} 14. Qa3 {[%emt 0:00:08]} O-O-O {[%emt
0:00:07]} 15. h3 {[%emt 0:00:03]} Bxf3 {[%emt 0:00:06]} 16. Bxf3 {[%emt
0:00:02]} h5 {[%emt 0:00:04]} 17. h4 {[%emt 0:00:11]} g4 {[%emt 0:00:07]} 18.
Be2 { [%emt 0:00:04]} Rhf8 {[%emt 0:00:09]} 19. O-O-O {[%emt 0:00:05]} f5
{[%emt 0:00:22]} 20. exf5 {[%emt 0:00:04]} Rxf5 {[%emt 0:00:07]} 21. Bd3 {[%emt
0:00:08] } Rff8 {[%emt 0:00:19]} 22. Bg6 {[%emt 0:00:15]} Bh6+ {[%emt 0:00:23]}
23. Kb1 {[%emt 0:00:07]} Nf6 {[%emt 0:00:32]} 24. Rxd8+ {[%emt 0:00:09]} Rxd8
{[%emt 0:00:27]} 25. Bf5+ {[%emt 0:00:03]} Nd7 {[%emt 0:00:13]} 26. Bxe5 {[%emt
0:00:03] } Qxf2 {[%emt 0:00:09]} 27. Qd6 {[%emt 0:00:13]} Qb6 {[%emt 0:00:33]}
28. Qb8# {[%emt 0:00:03]} 1-0

[Event "DSJ Weihnachtsturnier U16: Steinitz 2020"]
[Site ""]
[Date "2020.12.28"]
[Round "3"]
[White "Janssen, Joris Frederik"]
[Black "Kraus, Joel"]
[Result "1-0"]
[Termination "normal"]
[Board "6.4"]
[WhiteElo "1440"]
[BlackElo "1291"]
[WhiteTeam "TuS Makkabi Rostock"]
[BlackTeam "SG Rochade Kuppenheim 1979"]
[PlyCount "67"]
[WhiteFideId "16287061"]
[EventRounds "7"]
[EventType "team-swiss"]
[EventDate "2020.12.28"]

1. d4 {[%emt 0:00:06]} d5 {[%emt 0:00:02]} 2. Bf4 {[%emt 0:00:06]} e6 {[%emt
0:00:10]} 3. Nf3 {[%emt 0:00:05]} Nc6 {[%emt 0:00:13]} 4. e3 {[%emt 0:00:06]}
Nf6 {[%emt 0:00:02]} 5. Be2 {[%emt 0:00:08]} Ne4 {[%emt 0:00:09]} 6. Nbd2
{[%emt 0:00:12]} Be7 {[%emt 0:00:26]} 7. O-O {[%emt 0:00:04]} O-O {[%emt
0:00:19]} 8. Bd3 {[%emt 0:00:36]} Nxd2 {[%emt 0:00:09]} 9. Qxd2 {[%emt
0:00:06]} Bd7 { [%emt 0:00:17]} 10. c3 {[%emt 0:00:06]} Bf6 {[%emt 0:00:18]}
11. Qc2 {[%emt 0:00:05]} g6 {[%emt 0:00:26]} 12. Rae1 {[%emt 0:00:53]} Re8
{[%emt 0:00:05]} 13. e4 {[%emt 0:00:14]} dxe4 {[%emt 0:00:28]} 14. Rxe4 {[%emt
0:00:32]} Re7 { [%emt 0:00:39]} 15. Rfe1 {[%emt 0:00:08]} b6 {[%emt 0:00:32]}
16. a3 {[%emt 0:00:45]} Qe8 {[%emt 0:00:17]} 17. Bxc7 {[%emt 0:00:16]} Qc8
{[%emt 0:00:54]} 18. Bf4 {[%emt 0:00:36]} Qd8 {[%emt 0:00:15]} 19. Rd1 {[%emt
0:01:09]} Bc8 { [%emt 0:00:23]} 20. Bc4 {[%emt 0:00:24]} Bb7 {[%emt 0:00:09]}
21. d5 {[%emt 0:00:33]} Rd7 {[%emt 0:01:01]} 22. d6 {[%emt 0:02:21]} Na5 {[%emt
0:00:52]} 23. Bb5 {[%emt 0:00:41]} Bxe4 {[%emt 0:00:14]} 24. Qxe4 {[%emt
0:00:06]} Rb7 { [%emt 0:00:15]} 25. d7 {[%emt 0:00:17]} Nb3 {[%emt 0:00:27]}
26. Qxb7 {[%emt 0:00:04]} Nc5 {[%emt 0:00:04]} 27. Qc7 {[%emt 0:00:03]} Be7
{[%emt 0:00:23]} 28. Qxd8+ {[%emt 0:00:06]} Rxd8 {[%emt 0:00:04]} 29. Bc7
{[%emt 0:00:05]} Re8 { [%emt 0:00:08]} 30. dxe8=Q+ {[%emt 0:00:03]} Kg7 {[%emt
0:00:03]} 31. Be5+ { [%emt 0:00:02]} Bf6 {[%emt 0:00:06]} 32. Bxf6+ {[%emt
0:00:04]} Kxf6 {[%emt 0:00:02]} 33. Qh8+ {[%emt 0:00:02]} Ke7 {[%emt 0:00:07]}
34. Qd8# {[%emt 0:00:01] } 1-0

[Event "DSJ Weihnachtsturnier U16: Steinitz 2020"]
[Site ""]
[Date "2020.12.28"]
[Round "3"]
[White "Werner, Rosalie"]
[Black "Burns, Mikala Tristan"]
[Result "1-0"]
[Termination "normal"]
[Board "7.1"]
[WhiteElo "1751"]
[BlackElo "1574"]
[WhiteTeam "VSG 1880 Offenbach"]
[BlackTeam "SG Grün-Weiß Dresden"]
[PlyCount "79"]
[WhiteFideId "16223748"]
[BlackFideId "16288459"]
[EventRounds "7"]
[EventType "team-swiss"]
[EventDate "2020.12.28"]

1. e4 {[%emt 0:00:03]} e6 {[%emt 0:00:03]} 2. d4 {[%emt 0:00:03]} d5 {[%emt
0:00:01]} 3. Nd2 {[%emt 0:00:04]} Nf6 {[%emt 0:00:03]} 4. e5 {[%emt 0:00:03]}
Nfd7 {[%emt 0:00:01]} 5. Bd3 {[%emt 0:00:02]} c5 {[%emt 0:00:01]} 6. c3 { [%emt
0:00:02]} Nc6 {[%emt 0:00:01]} 7. Ne2 {[%emt 0:00:02]} cxd4 {[%emt 0:00:01]} 8.
cxd4 {[%emt 0:00:01]} f6 {[%emt 0:00:01]} 9. exf6 {[%emt 0:00:03]} Nxf6 {[%emt
0:00:02]} 10. Nf3 {[%emt 0:00:02]} Bd6 {[%emt 0:00:02]} 11. O-O { [%emt
0:00:03]} Qc7 {[%emt 0:00:02]} 12. Bg5 {[%emt 0:00:03]} O-O {[%emt 0:00:06]}
13. Bh4 {[%emt 0:00:20]} Nh5 {[%emt 0:00:43]} 14. Bg3 {[%emt 0:01:37]} Nxg3
{[%emt 0:00:04]} 15. Nxg3 {[%emt 0:00:00]} h6 {[%emt 0:00:37]} 16. Rc1 { [%emt
0:00:21]} Qf7 {[%emt 0:00:04]} 17. Qc2 {[%emt 0:00:15]} Nb4 {[%emt 0:00:15]}
18. Bh7+ {[%emt 0:00:09]} Kh8 {[%emt 0:00:02]} 19. Qb1 {[%emt 0:00:08]} Bd7
{[%emt 0:00:30]} 20. a3 {[%emt 0:00:05]} Nc6 {[%emt 0:00:06]} 21. b4 { [%emt
0:00:19]} a6 {[%emt 0:00:21] Offenba3-001 reconnected. Offenba3-001
reconnected.} 22. Bg6 {[%emt 0:01:02]} Qe7 {[%emt 0:00:10]} 23. Qd3 {[%emt
0:00:11]} e5 {[%emt 0:01:04]} 24. dxe5 {[%emt 0:00:06]} Nxe5 {[%emt 0:00:13]}
25. Nxe5 {[%emt 0:00:07]} Qxe5 {[%emt 0:00:07]} 26. f4 {[%emt 0:01:00]} Qf6 {
[%emt 0:01:05]} 27. Nh5 {[%emt 0:00:13]} Qe6 {[%emt 0:00:31]} 28. Rce1 { [%emt
0:00:22]} Qg8 {[%emt 0:00:05]} 29. f5 {[%emt 0:00:38]} Bb5 {[%emt 0:00:02]} 30.
Qd4 {[%emt 0:00:32]} Bxf1 {[%emt 0:00:06]} 31. Rxf1 {[%emt 0:00:02]} Rf6 {[%emt
0:00:52]} 32. Nxf6 {[%emt 0:00:04]} gxf6 {[%emt 0:00:03]} 33. Qxf6+ {[%emt
0:00:02]} Qg7 {[%emt 0:00:01]} 34. Qxd6 {[%emt 0:00:12]} Qd4+ {[%emt 0:00:15]}
35. Kh1 {[%emt 0:00:04]} Qg7 {[%emt 0:00:21]} 36. Qxd5 {[%emt 0:00:08]} Rf8
{[%emt 0:00:02]} 37. Qd3 {[%emt 0:00:19]} Rg8 {[%emt 0:00:18]} 38. h3 { [%emt
0:00:03]} h5 {[%emt 0:00:04]} 39. Rd1 {[%emt 0:00:08]} h4 {[%emt 0:00:08] } 40.
Qd7 {[%emt 0:00:02]} 1-0

[Event "DSJ Weihnachtsturnier U16: Steinitz 2020"]
[Site ""]
[Date "2020.12.28"]
[Round "3"]
[White "Seymer, Adam"]
[Black "Werner, Florin"]
[Result "0-1"]
[Termination "normal"]
[Board "7.2"]
[WhiteElo "1249"]
[BlackElo "1533"]
[WhiteTeam "SG Grün-Weiß Dresden"]
[BlackTeam "VSG 1880 Offenbach"]
[PlyCount "104"]
[WhiteFideId "34651802"]
[BlackFideId "16250230"]
[EventRounds "7"]
[EventType "team-swiss"]
[EventDate "2020.12.28"]

1. c4 {[%emt 0:00:08]} c5 {[%emt 0:00:04]} 2. Nc3 {[%emt 0:00:05]} Nc6 { [%emt
0:00:18]} 3. g3 {[%emt 0:00:05]} g6 {[%emt 0:00:14]} 4. Bg2 {[%emt 0:00:04]}
Bg7 {[%emt 0:00:02]} 5. Nf3 {[%emt 0:00:05]} e6 {[%emt 0:00:05]} 6. O-O { [%emt
0:00:21]} Nge7 {[%emt 0:00:03]} 7. e3 {[%emt 0:00:10]} d5 {[%emt 0:00:11] } 8.
cxd5 {[%emt 0:00:13]} exd5 {[%emt 0:00:00]} 9. d4 {[%emt 0:00:19]} cxd4 { [%emt
0:00:10]} 10. exd4 {[%emt 0:00:06]} O-O {[%emt 0:00:03]} 11. Re1 { [%emt
0:00:13]} Nf5 {[%emt 0:00:05]} 12. Be3 {[%emt 0:00:24]} Re8 {[%emt 0:00:07]}
13. Qd2 {[%emt 0:00:13]} Re7 {[%emt 0:00:09]} 14. Rad1 {[%emt 0:00:37]} Be6
{[%emt 0:00:08]} 15. Bg5 {[%emt 0:00:39]} f6 {[%emt 0:00:04]} 16. Be3 { [%emt
0:00:04]} Qd7 {[%emt 0:00:07]} 17. b3 {[%emt 0:00:59]} a6 {[%emt 0:00:06] } 18.
Na4 {[%emt 0:00:03]} Rae8 {[%emt 0:00:09]} 19. Nc5 {[%emt 0:00:05]} Qc7 { [%emt
0:00:12]} 20. Bf4 {[%emt 0:00:48]} Qc8 {[%emt 0:00:04]} 21. Rc1 {[%emt
0:00:18]} Bf7 {[%emt 0:00:09]} 22. g4 {[%emt 0:00:41]} Rxe1+ {[%emt 0:00:09]}
23. Rxe1 {[%emt 0:00:05]} Rxe1+ {[%emt 0:00:03]} 24. Qxe1 {[%emt 0:00:10]}
Nfxd4 { [%emt 0:00:06]} 25. Nxd4 {[%emt 0:00:18]} Nxd4 {[%emt 0:00:00]} 26. Qe3
{ [%emt 0:00:12]} Nc6 {[%emt 0:00:12]} 27. h3 {[%emt 0:00:27]} d4 {[%emt
0:00:20] } 28. Qd3 {[%emt 0:00:07]} g5 {[%emt 0:00:29]} 29. Bg3 {[%emt
0:00:05]} Bg6 { [%emt 0:00:04]} 30. Ne4 {[%emt 0:00:18]} Qd7 {[%emt 0:00:24]}
31. Qd2 {[%emt 0:00:12]} b6 {[%emt 0:00:34]} 32. Nd6 {[%emt 0:00:03]} Ne5
{[%emt 0:00:07]} 33. Ne4 {[%emt 0:00:31]} h6 {[%emt 0:00:27]} 34. Qb4 {[%emt
0:00:15]} d3 {[%emt 0:00:14]} 35. Nd2 {[%emt 0:00:12]} b5 {[%emt 0:00:12]} 36.
a4 {[%emt 0:00:06]} Nc6 {[%emt 0:00:36]} 37. Qc3 {[%emt 0:00:08]} Nd4 {[%emt
0:00:11]} 38. Kh2 { [%emt 0:00:13]} Ne2 {[%emt 0:00:10]} 39. Qc5 {[%emt
0:00:03]} Nxg3 {[%emt 0:00:22]} 40. Bd5+ {[%emt 0:00:05]} Kh7 {[%emt 0:00:16]}
41. Kxg3 {[%emt 0:00:04]} f5 {[%emt 0:00:04]} 42. axb5 {[%emt 0:00:14]} f4+
{[%emt 0:00:09]} 43. Kg2 { [%emt 0:00:02]} axb5 {[%emt 0:00:02]} 44. Bc6 {[%emt
0:00:05]} Qe6 {[%emt 0:00:11]} 45. Qxb5 {[%emt 0:00:04]} Qe2 {[%emt 0:00:03]}
46. Qb4 {[%emt 0:00:03]} Bd4 {[%emt 0:00:15]} 47. Qe7+ {[%emt 0:00:05]} Qxe7
{[%emt 0:00:04]} 48. Be4 { [%emt 0:00:06]} Bxe4+ {[%emt 0:00:03]} 49. Nxe4
{[%emt 0:00:02]} Qxe4+ { [%emt 0:00:00]} 50. f3 {[%emt 0:00:01]} Qe2+ {[%emt
0:00:02]} 51. Kh1 {[%emt 0:00:05]} Qf1+ {[%emt 0:00:01]} 52. Kh2 {[%emt
0:00:02]} Qg1# {[%emt 0:00:00]} 0-1